Sladká výprava proti importu
Upevňovanie pozícií Pečivárne Sereď na domácom a zahraničnom trhu prostredníctvom firmy I.D.C., s.r.o. Ekonomická situácia pečivárne, zmena výroby a jej rast. Význam obalov a reklamy pri predaji výrobkov.
Salvato in:
| Autore principale: | |
|---|---|
| Natura: | Capitolo di libro |
| Lingua: | slovacco |
| Soggetti: | |
| Tags: |
Nessun Tag, puoi essere il primo ad aggiungerne!!
|
MARC
| LEADER | 00000naa a2200000 4500 | ||
|---|---|---|---|
| 001 | r019850 | ||
| 005 | 20230801103535.7 | ||
| 041 | 0 | |a slo | |
| 044 | |a SK | ||
| 245 | 1 | 0 | |a Sladká výprava proti importu |c Eva Pichlerová |
| 520 | |a Upevňovanie pozícií Pečivárne Sereď na domácom a zahraničnom trhu prostredníctvom firmy I.D.C., s.r.o. Ekonomická situácia pečivárne, zmena výroby a jej rast. Význam obalov a reklamy pri predaji výrobkov. | ||
| 610 | 2 | 0 | |a Slovensko |
| 610 | 2 | 0 | |a Česko |
| 610 | 2 | 0 | |a 1989-1995 |
| 610 | 2 | 0 | |a potravinárstvo |
| 610 | 2 | 0 | |a Pečivárne, s.r.o. Sereď |
| 610 | 2 | 0 | |a I.D.C., s.r.o. Praha |
| 610 | 2 | 0 | |a obaly |
| 610 | 2 | 0 | |a reklama |
| 100 | 1 | |a Pichlerová, Eva | |